Datum a čas kvízu
24
Celkem bodů
Celkový počet nahraných bodů na tomto kvízu bez doplňovacích otázek.
8.
Pořadí na kvízu
Konečné umístění týmu na tomto kvízu.
Zaznamenané odpovědi
| # | Otázka | Odpověď | Body | Výsledky |
|---|---|---|---|---|
| 1. | Ve středu přijali poslanci nov... | přiosvojení | 1 | |
| 2. | Dlouholetý kariérní diplomat a... | Kuba | 0 | |
| 3. | Jak se jmenuje 88letý zahranič... | Alain Delon | 0 | |
| 4. | Ředitelka české pobočky jedné... | 0 | ||
| 5. | LeBron James pokořil ve své 21... | 40 000 bodů | 0 | |
| 6. | Napište český i latinský název... | kost stehenní, femur (os femoris) | 0.5 | |
| 7. | Ve kterém kraji České republik... | v Královéhradeckém | 0 | |
| 8. | Hlavní postava seriálu Sběrate... | Booth | 0 | |
| 9. | Která párová kost u psů a koní... | klíční kost (clavicula) | 0 | |
| 10. | V září roku 2012 byla pod park... | Richard III. | 0.5 |